004860000a220008500045001000023000002450051000233000045000745200265001197730016003841 aMusgrave, Caroline10aLa Declaración de Derechos Humanos de la ONU aVol.0, núm.66 (Mayo, 2006), Página 6 aLa Declaración Universal de Derechos Humanos de las Naciones Unidas declara que todas las personas tienen los mismos derechos iguales e innegables, no importa cuál sea su género, raza, nacionalidad, religión, política, opiniones o condición social,0 tPaso a Paso